000
00259nam a22001217a 4500
008
180924b xxu||||| |||| 00| 0 eng d
041
_a
eng
080
_2
3rd
_a
510
100
_a
37
101
_a
MAT
245
_a
Plan Trignonometry
_c
Sparks
942
_2
udc
_c
BK
999
_c
48355
_d
48355